000 00353nam a2200157Ia 4500
008 100122s9999 xx 000 0 und d
082 _b65447
_aBM823.08
100 _aWATSON CAROL
245 _aAESOPS FABLES
250 _a1
260 _bUSBORNE PUB
_c2003
300 _a64
630 _aAESOPS FABLES
730 _aAESOPS FABLES
942 _cBOOK
999 _c379999
_d379996